History Quiz

Random History or War Quiz

Military-free Presidents Quiz Stats

 Plays Quiz Updated Jan 20, 2021

Support Sporcle.
Go Orange.
Score 0/16 Timer 02:00
5 Plays Today
President % Correct
Donald Trump
96.3%
Barack Obama
94.4%
Joe Biden
91.5%
Bill Clinton
89.5%
John Quincy Adams
86.5%
John Adams
86.4%
Franklin D. Roosevelt
80.9%
Thomas Jefferson
79.9%
President % Correct
Herbert Hoover
68.3%
William Howard Taft
67.2%
Calvin Coolidge
62.6%
Woodrow Wilson
62.1%
James K. Polk
53.5%
Grover Cleveland
52.7%
Warren G. Harding
52.5%
Martin Van Buren
51.5%

From the Vault

Weakest Link: Europe

by themightymoosh

Just say 'goodbye' to all those weak links.
Remove Ads.
Support Sporcle.
Get the best of Sporcle when you Go Orange. This ad-free experience offers more features, more stats, and more fun while also helping to support Sporcle. Thank you for becoming a member.

Show Comments

Extras

Top Quizzes Today


Score Distribution

Your Account Isn't Verified!

In order to create a playlist on Sporcle, you need to verify the email address you used during registration. Go to your Sporcle Settings to finish the process.

Report this User

Report this user for behavior that violates our Community Guidelines.

Details: